| 000 | 00736cam a2200217 4500 | ||
|---|---|---|---|
| 005 | 20250715135937.0 | ||
| 008 | 090520s1998 Ag 000 0 spa u | ||
| 020 | _a9875070440 | ||
| 050 | 0 | 4 |
_aKH736.M47 _bB37 1998 |
| 100 | 1 | _aBarraza, Alejandro | |
| 245 | 1 | 0 |
_aMercosur _b : aspectos jurídicos y económicos _c / Alejandro Barraza, Silvia Jardel. |
| 250 | _aPrimera edición | ||
| 260 |
_aBuenos Aires : _bEdiciones Ciudad Argentina, _c1998 |
||
| 300 |
_a391 p. : _bil. ; _c20 cm. |
||
| 490 | 0 | _aBiblioteca Mercosur | |
| 500 | _aincluye índice | ||
| 650 | 4 |
_aMERCOSUR (Organización) _xAspectos jurídicos |
|
| 651 | 4 |
_aAmérica del Sur _xIntegración económica |
|
| 700 | 1 |
_aJardel, Silvia, _bautor |
|
| 942 |
_2lcc _cLIB |
||
| 999 |
_c132309 _d132309 |
||